All UFC Heavyweight Champions - Statistics

General Stats
  • This quiz has been taken 495 times
    66 since last reset
  • The average score is 20 of 31
Answer Stats
Title Reign Successful Defenses Champion % Correct
2023-2025 1 Jon Jones
100%
2023-2025(Interim) 1 Tom Aspinall
100%
2019-2021 1 Stipe Miocic
98%
2016-2018 3 Stipe Miocic
98%
2018-2019 1 Daniel Cormier
96%
2021-2023 1 Francis Ngannou
96%
2021-2022(Interim) - Ciryl Gane
88%
2008-2010 2 Brock Lesnar
84%
2012-2015 2 Cain Velasquez
82%
2010-2011 0 Cain Velasquez
82%
2007-2008 1 Randy Couture
78%
2000-2002 2 Randy Couture
78%
1997-1998 0 Randy Couture
78%
2008-2009(Interim) - Frank Mir
68%
2004-2005 0 Frank Mir
68%
2025-Present 0 Tom Aspinall
66%
2011-2012 1 Junior dos Santos
64%
1999-2000 1 Kevin Randleman
54%
2015-2016 0 Fabrício Werdum
52%
2014-2015(Interim) - Fabrício Werdum
52%
2006-2007 2 Tim Sylvia
48%
1997-1997 0 Mark Coleman
48%
2003-2003 1 Tim Sylvia
48%
2005-2006 1 Andrei Arlovski
42%
2005-2005(Interim) 1 Andrei Arlovski
42%
1999-1999 0 Bas Rutten
38%
2002-2002 0 Josh Barnett
38%
2010-2010(Interim) - Shane Carwin
28%
2008-2008(Interim) - Antônio Rodrigo Nogueira
26%
1997-1997 1 Maurice Smith
26%
2002-2003 0 Ricco Rodriguez
24%
No matching quizzes found
Score Distribution
Percent of People with Each Score
Percentile by Number Answered
Your Score History
You have not taken this quiz since the last reset